Schaum's outline of theory and problems of Boolean algebra and switching circuits

Saved in:
Bibliographic Details
Main Author: Mendelson, Elliott
Format: Book
Language:English
Published: New York : McGraw-Hill, c1970
Series:Schaum's outline series
Subjects:
Tags: Add Tag
No Tags, Be the first to tag this record!

MARC

LEADER 00000cam a2200000 i 4500
001 1/7536
008 100518s1970 eng d
035 |l 10107897 
040 |a GR-MY-UA  |b gre  |e aacr 
041 0 |a eng 
082 0 |a 511.324  |2 (22) 
100 1 |a Mendelson, Elliott. 
245 1 0 |a Schaum's outline of theory and problems of Boolean algebra and switching circuits /  |c by Elliott Mendelson 
260 |a New York :   |b McGraw-Hill,   |c c1970 
300 |a 213 σ.;  |b εικ.;  |c 28 εκ. 
490 1 |a Schaum's outline series 
505 0 |a Including 150 solved problems 
650 0 0 |a Algebra, Boolean. 
650 0 0 |a Switching theory. 
830 0 |a Schaum's outline series 
852 |a INST  |b SAMOS  |c MAG  |e 20100518  |h 511.324 MEN  |p 005300031890  |q 005300031890  |t BK  |y 0 
901 |a BIBL3-2010-2 
909 |a Σ  |b 162305 
970 |a ΣΙΤΖΙΜΗ  |b ΓΙΑΣΕΜΗ  |z 2010/05/18